000
00441nam a2200145Ia 4500
008
100204s9999 xx 000 0 und d
082
_b
1625
100
_a
राजवाडे राजा
245
_a
अविवाहिता
260
_b
"दिलिप प्रकाशन , मुंबई"
_c
1979
300
_a
190
630
_a
अविवाहिता
730
_a
अविवाहिता
942
_c
BOOK
999
_c
446781
_d
446778